Detalles MARC
| 000 -LEADER |
| fixed length control field |
00942nam a2200301 b 4500 |
| 001 - CONTROL NUMBER |
| control field |
|
| 003 - CONTROL NUMBER IDENTIFIER |
| control field |
DO-SdBNP |
| 005 - DATE AND TIME OF LATEST TRANSACTION |
| control field |
20170113145106.0 |
| 008 - FIXED-LENGTH DATA ELEMENTS--GENERAL INFORMATION |
| fixed length control field |
930323s1989 sp | |||| ||spa d |
| 016 7# - NATIONAL BIBLIOGRAPHIC AGENCY CONTROL NUMBER |
| Record control number |
|
| Canceled/invalid record control number |
|
| Source |
BPMSU |
| 017 ## - COPYRIGHT OR LEGAL DEPOSIT NUMBER |
| Copyright or legal deposit number |
|
| Assigning agency |
|
| 020 ## - INTERNATIONAL STANDARD BOOK NUMBER |
| International Standard Book Number |
8424133099 |
| 035 ## - SYSTEM CONTROL NUMBER |
| System control number |
(OCoLC) |
| 040 ## - CATALOGING SOURCE |
| Original cataloging agency |
BPMSU |
| Language of cataloging |
spa |
| Transcribing agency |
BPMSU |
| 041 1# - LANGUAGE CODE |
| Language code of text/sound track or separate title |
spa |
| Language code of original |
ita |
| 080 #4 - UNIVERSAL DECIMAL CLASSIFICATION NUMBER |
| Universal Decimal Classification number |
|
| 100 1# - MAIN ENTRY--PERSONAL NAME |
| Personal name |
Dalmais, Anne-Marie |
| Dates associated with a name |
1942- |
| 245 10 - TITLE STATEMENT |
| Title |
Desayunando con la abuelita Gata / |
| Medium |
|
| Statement of responsibility, etc. |
Anne-Marie Dalmais ; ilustraciones de Annie Bonhomme ;traducción, Francisco Martínez García |
| 260 ## - PUBLICATION, DISTRIBUTION, ETC. (IMPRINT) |
| Place of publication, distribution, etc. |
Madrid : |
| Name of publisher, distributor, etc. |
Everest, |
| Date of publication, distribution, etc. |
1989 |
| 300 ## - PHYSICAL DESCRIPTION |
| Extent |
14, [2] p.: |
| Other physical details |
il. ; |
| Dimensions |
29 cm |
| 490 ## - SERIES STATEMENT |
| Series statement |
Los cuentos de las horas |
| Volume/sequential designation |
hora 9 |
| 500 4# - GENERAL NOTE |
| General note |
Traducción de : A colazione da nonna Gattaiola |
| 700 1# - ADDED ENTRY--PERSONAL NAME |
| Personal name |
Bonhomme, Annie |
| 700 1# - ADDED ENTRY--PERSONAL NAME |
| Personal name |
Martínez García, Francisco |
| 830 ## - SERIES ADDED ENTRY--UNIFORM TITLE |
| Uniform title |
Los cuentos de las horas |
| Volume number/sequential designation |
hora 9 |
| 942 ## - ADDED ENTRY ELEMENTS (KOHA) |
| Source of classification or shelving scheme |
Dewey Decimal Classification |
| Koha item type |
Libros |
| 956 ## - LOCAL ELECTRONIC LOCATION AND ACCESS (OCLC) |
| Host name |
VMATEO |
| Access number |
10 |
| Compression information |
20170113 |
| Path |
BPMSU |
| Electronic name |
0069 |